[Event "RM-2020-0-00200"]
[Site "LSS email"]
[Date "2020.02.16"]
[Round "?"]
[White "Susla, Vitaliy"]
[Black "Ralls, Richard Nelson"]
[Result "1-0"]
[WhiteElo "2279"]
[BlackElo "2326"]
[PlyCount "97"]
[EventDate "2020.01.27"]
[EventType "tourn (corr)"]
[EventRounds "6"]
[EventCountry "GER"]
[SourceTitle "Corr 2022"]
[Source "ChessBase"]
[SourceDate "2021.10.24"]
[SourceVersion "1"]
[SourceVersionDate "2021.10.24"]
[SourceQuality "1"]

1. d4 Nf6 2. c4 g6 3. Nc3 d5 4. cxd5 Nxd5 5. Nf3 Bg7 6. e4 Nxc3 7. bxc3 c5 8. Rb1 0-0 9. Be2 b6 10. 0-0 Bb7 11. d5 Bxc3 12. h4 Nd7 13. Rb3 Bg7 14. h5 Nf6 15. h6 Bh8 16. Ng5 Qc7 17. f4 Rad8 18. Qc2 c4 19. Qxc4 Qxc4 20. Bxc4 Rc8 21. Bb5 a6 22. Be2 Nxe4 23. Nxe4 Bxd5 24. Bxa6 Bxb3 25. axb3 Bd4+ 26. Kh2 Ra8 27. Bc4 Ra1 28. Ng5 Rc8 29. Re1 e6 30. Bd2 Rb8 31. Rxa1 Bxa1 32. Be3 b5 33. Be2 e5 34. Ne4 exf4 35. Bxf4 Re8 36. Bd3 f6 37. g4 Bd4 38. Kg2 Re6 39. Kf3 Rb6 40. Nd6 Be5 41. Nxb5 Bxf4 42. Bc4+ Kf8 43. Kxf4 Ke7 44. Nc3 Kd7 45. Ke3 Rb8 46. Kd4 Ke7 47. b4 Kd8 48. Nd5 f5 49. g5 1-0

[Event "ST-2020-0-00136"]
[Site "LSS email"]
[Date "2020.01.30"]
[Round "?"]
[White "Ralls, Richard Nelson"]
[Black "Wosch, Arkadiusz Janusz"]
[Result "0-1"]
[WhiteElo "2368"]
[BlackElo "2438"]
[PlyCount "20"]
[EventDate "2020.01.20"]
[EventType "tourn (corr)"]
[EventRounds "6"]
[EventCountry "GER"]
[SourceTitle "Corr 2022"]
[Source "ChessBase"]
[SourceDate "2021.10.24"]
[SourceVersion "1"]
[SourceVersionDate "2021.10.24"]
[SourceQuality "1"]

1. d4 Nf6 2. c4 e6 3. Nf3 d5 4. g3 dxc4 5. Bg2 Nc6 6. Qa4 Bb4+ 7. Bd2 Nd5 8. Bxb4 Ndxb4 9. 0-0 Rb8 10. Na3 0-0 0-1

[Event "SA-2019-0-00691"]
[Site "LSS email"]
[Date "2019.07.23"]
[Round "?"]
[White "Pilgram, Kurt"]
[Black "Ralls, Richard Nelson"]
[Result "1/2-1/2"]
[WhiteElo "2198"]
[BlackElo "2322"]
[PlyCount "77"]
[EventDate "2019.06.24"]
[EventType "tourn (corr)"]
[EventRounds "6"]
[EventCountry "GER"]
[SourceTitle "Corr 2022"]
[Source "ChessBase"]
[SourceDate "2021.10.24"]
[SourceVersion "1"]
[SourceVersionDate "2021.10.24"]
[SourceQuality "1"]

1. d4 Nf6 2. c4 g6 3. Nc3 d5 4. Nf3 Bg7 5. cxd5 Nxd5 6. e4 Nxc3 7. bxc3 c5 8. Be3 Qa5 9. Qd2 0-0 10. Rc1 Rd8 11. d5 e6 12. Bg5 f6 13. Be3 Nc6 14. h4 Qa4 15. c4 exd5 16. exd5 Nb4 17. Bxc5 a5 18. Be2 Qxa2 19. h5 gxh5 20. Bb6 Re8 21. Be3 Bg4 22. Nd4 Bf8 23. Bxg4 hxg4 24. Rh4 Re4 25. f3 Re5 26. Rxg4+ Kf7 27. Kf1 h5 28. Rh4 Bc5 29. Bh6 a4 30. Ne6 Qxd2 31. Bxd2 Be3 32. Ke2 Bh6+ 33. Re4 Bxd2 34. Kxd2 b5 35. Rxe5 fxe5 36. Nc7 Rg8 37. Nxb5 Rxg2+ 38. Ke3 h4 39. Rh1 1/2-1/2

[Event "SA-2019-0-00691"]
[Site "LSS email"]
[Date "2019.07.23"]
[Round "?"]
[White "Ralls, Richard Nelson"]
[Black "Wisham, Clyde"]
[Result "1/2-1/2"]
[WhiteElo "2322"]
[BlackElo "2221"]
[PlyCount "76"]
[EventDate "2019.06.24"]
[EventType "tourn (corr)"]
[EventRounds "6"]
[EventCountry "GER"]
[SourceTitle "Corr 2022"]
[Source "ChessBase"]
[SourceDate "2021.10.24"]
[SourceVersion "1"]
[SourceVersionDate "2021.10.24"]
[SourceQuality "1"]

1. d4 d5 2. c4 c6 3. Nc3 Nf6 4. cxd5 cxd5 5. Bf4 Nc6 6. e3 Bf5 7. Qb3 Na5 8. Bb5+ Bd7 9. Qc2 e6 10. Bd3 Rc8 11. Nf3 Bb4 12. 0-0 Nh5 13. a3 Bxc3 14. bxc3 Nxf4 15. exf4 g6 16. Ne5 0-0 17. g3 Qc7 18. Rfc1 Be8 19. Nf3 f6 20. Bf1 Kg7 21. Nd2 Qe7 22. Re1 Bf7 23. Nb3 b6 24. Nxa5 bxa5 25. Re3 Rfe8 26. h4 Qd6 27. Rae1 Rb8 28. Qa4 Qb6 29. Bh3 f5 30. Bg2 Rec8 31. Bf1 Rc7 32. Rc1 Qb2 33. Qd1 a4 34. c4 dxc4 35. Rec3 Rb3 36. Qe1 Rxc3 37. Rxc3 Rc8 38. Kh2 Kh6 1/2-1/2

[Event "WC-2018-S-00001"]
[Site "LSS email"]
[Date "2018.08.23"]
[Round "?"]
[White "Hartl, Hermann"]
[Black "Ralls, Richard Nelson"]
[Result "1/2-1/2"]
[WhiteElo "2564"]
[BlackElo "2479"]
[PlyCount "59"]
[EventDate "2018.09.01"]
[EventType "tourn (corr)"]
[EventRounds "12"]
[EventCountry "GER"]
[SourceTitle "Corr 2022"]
[Source "ChessBase"]
[SourceDate "2021.10.24"]
[SourceVersion "1"]
[SourceVersionDate "2021.10.24"]
[SourceQuality "1"]

1. d4 Nf6 2. c4 g6 3. g3 d5 4. cxd5 Nxd5 5. Bg2 Bg7 6. Nf3 Nb6 7. Nc3 Nc6 8. e3 0-0 9. 0-0 e5 10. d5 e4 11. dxc6 Qxd1 12. Rxd1 exf3 13. Bxf3 bxc6 14. Bd2 Nc4 15. Na4 Be6 16. Bb4 Rfc8 17. Nc5 Rab8 18. Nxe6 fxe6 19. Bc3 Nxb2 20. Bxb2 Rxb2 21. Rab1 Rxb1 22. Rxb1 c5 23. Be2 Kf7 24. Rb7 Be5 25. Rxa7 Rb8 26. Ra5 Rb1+ 27. Kg2 Bd6 28. Kf3 Kf6 29. Ra3 Be5 30. Ra8 1/2-1/2

[Event "WC-2018-S-00001"]
[Site "LSS email"]
[Date "2018.08.23"]
[Round "?"]
[White "Ralls, Richard Nelson"]
[Black "Hartl, Hermann"]
[Result "1/2-1/2"]
[WhiteElo "2479"]
[BlackElo "2564"]
[PlyCount "84"]
[EventDate "2018.09.01"]
[EventType "tourn (corr)"]
[EventRounds "12"]
[EventCountry "GER"]
[SourceTitle "Corr 2022"]
[Source "ChessBase"]
[SourceDate "2021.10.24"]
[SourceVersion "1"]
[SourceVersionDate "2021.10.24"]
[SourceQuality "1"]

1. d4 d5 2. c4 c6 3. Nc3 Nf6 4. e3 e6 5. Qc2 Bd6 6. Nf3 Nbd7 7. b3 0-0 8. Be2 b6 9. 0-0 Bb7 10. Bb2 Qe7 11. Rfe1 Rfe8 12. e4 Nxe4 13. Nxe4 dxe4 14. Qxe4 Rad8 15. Rad1 Nf8 16. Qg4 Bb4 17. Rf1 Ng6 18. Ne5 Nxe5 19. dxe5 Bd2 20. Qg3 g6 21. Bd3 Bh6 22. Be4 Rxd1 23. Rxd1 c5 24. Bxb7 Qxb7 25. Qc3 a6 26. g3 Bg7 27. Bc1 Qe4 28. Bf4 h6 29. h4 g5 30. hxg5 hxg5 31. Bxg5 Qg4 32. Qc1 Bxe5 33. Rd7 Kg7 34. Qe3 Qf5 35. Bh4 Bd4 36. Qg5+ Qxg5 37. Bxg5 Kg6 38. Be7 e5 39. Bd6 Kf5 40. Rxf7+ Ke4 41. Kg2 Re6 42. Bf8 Kd3 1/2-1/2

[Event "BI-2015-P-0000"]
[Site "LSS email"]
[Date "2015.04.16"]
[Round "?"]
[White "Kurowski, Andrzej"]
[Black "Ralls, Richard Nelson"]
[Result "1-0"]
[WhiteElo "2068"]
[BlackElo "2480"]
[PlyCount "25"]
[EventDate "2015.04.22"]
[EventType "tourn (corr)"]
[EventRounds "10"]
[EventCountry "GER"]
[SourceTitle "Corr 2022"]
[Source "ChessBase"]
[SourceDate "2021.10.24"]
[SourceVersion "1"]
[SourceVersionDate "2021.10.24"]
[SourceQuality "1"]

1. d4 e6 2. Nf3 d5 3. c4 Nf6 4. Nc3 Be7 5. Bg5 h6 6. Bh4 0-0 7. e3 b6 8. Be2 Bb7 9. Bxf6 Bxf6 10. cxd5 exd5 11. 0-0 c6 12. b4 Re8 13. Qb3 1-0

[Event "BI-2015-P-0000"]
[Site "LSS email"]
[Date "2015.04.16"]
[Round "?"]
[White "Ralls, Richard Nelson"]
[Black "Aberbach Peltzman, Angel Sergio"]
[Result "0-1"]
[WhiteElo "2480"]
[BlackElo "2216"]
[PlyCount "20"]
[EventDate "2015.04.22"]
[EventType "tourn (corr)"]
[EventRounds "10"]
[EventCountry "GER"]
[SourceTitle "Corr 2022"]
[Source "ChessBase"]
[SourceDate "2021.10.24"]
[SourceVersion "1"]
[SourceVersionDate "2021.10.24"]
[SourceQuality "1"]

1. d4 d5 2. c4 c6 3. Nf3 Nf6 4. Nc3 a6 5. a4 e6 6. Bg5 Nbd7 7. e3 Qa5 8. Nd2 Bb4 9. Rc1 c5 10. Bh4 cxd4 0-1

[Event "BI-2015-P-0000"]
[Site "LSS email"]
[Date "2015.04.16"]
[Round "?"]
[White "Ralls, Richard Nelson"]
[Black "Verich, Oleg"]
[Result "0-1"]
[WhiteElo "2480"]
[BlackElo "1103"]
[PlyCount "22"]
[EventDate "2015.04.22"]
[EventType "tourn (corr)"]
[EventRounds "10"]
[EventCountry "GER"]
[SourceTitle "Corr 2022"]
[Source "ChessBase"]
[SourceDate "2021.10.24"]
[SourceVersion "1"]
[SourceVersionDate "2021.10.24"]
[SourceQuality "1"]

1. d4 Nf6 2. Nf3 e6 3. Bg5 Be7 4. c4 0-0 5. Nc3 d5 6. e3 h6 7. Bxf6 Bxf6 8. Qc2 c6 9. h4 Nd7 10. 0-0-0 dxc4 11. g4 Be7 0-1

[Event "CP-2014-Q-00010"]
[Site "LSS email"]
[Date "2014.12.02"]
[Round "?"]
[White "Ralls, Richard Nelson"]
[Black "Haug, Ulrich"]
[Result "1/2-1/2"]
[WhiteElo "2498"]
[BlackElo "2487"]
[PlyCount "93"]
[EventDate "2014.12.08"]
[EventType "tourn (corr)"]
[EventRounds "6"]
[EventCountry "GER"]
[SourceTitle "Corr 2022"]
[Source "ChessBase"]
[SourceDate "2021.10.24"]
[SourceVersion "1"]
[SourceVersionDate "2021.10.24"]
[SourceQuality "1"]

1. d4 Nf6 2. c4 g6 3. Nc3 d5 4. Nf3 Bg7 5. Qb3 dxc4 6. Qxc4 0-0 7. e4 a6 8. Be2 b5 9. Qb3 c5 10. dxc5 Be6 11. Qc2 Nbd7 12. Be3 Rc8 13. Rd1 b4 14. Nd5 Bxd5 15. exd5 Nxc5 16. 0-0 a5 17. Bc4 Nce4 18. Qe2 Qc7 19. Bb3 Rfd8 20. Bd4 Nc5 21. Bc4 Nb7 22. b3 Nd6 23. Ba6 Ra8 24. Rc1 Qb8 25. Rfd1 Nfe4 26. Ne5 Bxe5 27. Bxe5 Nxf2 28. Kxf2 Qb6+ 29. Bd4 Qxa6 30. Qe5 f6 31. Qe6+ Kf8 32. Be3 Nf5 33. Rc6 Nxe3 34. Rxa6 Nxd1+ 35. Kg3 Rxa6 36. Qxa6 Nc3 37. Qxa5 Rxd5 38. Qxb4 Rd3+ 39. Kh4 h5 40. g3 Rd2 41. g4 g5+ 42. Kg3 h4+ 43. Kf3 Rd3+ 44. Kf2 Rd2+ 45. Kf3 Rd3+ 46. Kf2 Rd2+ 47. Kf3 1/2-1/2

[Event "WC-2014-Q-00003"]
[Site "LSS email"]
[Date "2014.11.12"]
[Round "?"]
[White "Baum, Hansjuergen"]
[Black "Ralls, Richard Nelson"]
[Result "1/2-1/2"]
[WhiteElo "2296"]
[BlackElo "2501"]
[PlyCount "83"]
[EventDate "2014.11.20"]
[EventType "tourn (corr)"]
[EventRounds "12"]
[EventCountry "GER"]
[SourceTitle "Corr 2022"]
[Source "ChessBase"]
[SourceDate "2021.10.24"]
[SourceVersion "1"]
[SourceVersionDate "2021.10.24"]
[SourceQuality "1"]

1. d4 Nf6 2. c4 g6 3. Nc3 d5 4. cxd5 Nxd5 5. Bd2 Bg7 6. e4 Nxc3 7. Bxc3 0-0 8. Nf3 Bg4 9. Qd2 Bxf3 10. gxf3 e5 11. dxe5 Qh4 12. Bc4 Nc6 13. e6 fxe6 14. Bxe6+ Kh8 15. Bxg7+ Kxg7 16. Qc3+ Qf6 17. 0-0-0 Qxc3+ 18. bxc3 Rxf3 19. Rd7+ Kh6 20. Rxc7 Rxc3+ 21. Kb1 Rf3 22. Rxb7 Ne5 23. Bd5 Rxf2 24. h4 Nf3 25. Rc1 Nxh4 26. a4 a5 27. Rh1 Rf4 28. Ka2 Kg5 29. Rxh7 Rb8 30. Rg1+ Kf6 31. Rf7+ Ke5 32. Re7+ Kd4 33. Bb7 Rf2+ 34. Ka1 Rc2 35. Rg4 Rc4 36. e5+ Kc3 37. Rg3+ Kc2 38. Ra3 Rb4 39. Rc7+ Kd2 40. Rd7+ Kc2 41. Ra2+ Kc3 42. Ra3+ 1/2-1/2

[Event "CP-2014-P-00016"]
[Site "LSS email"]
[Date "2014.09.30"]
[Round "?"]
[White "Pauk, Jozef"]
[Black "Ralls, Richard Nelson"]
[Result "0-1"]
[WhiteElo "894"]
[BlackElo "2501"]
[PlyCount "36"]
[EventDate "2014.10.01"]
[EventType "tourn (corr)"]
[EventRounds "6"]
[EventCountry "GER"]
[SourceTitle "Corr 2022"]
[Source "ChessBase"]
[SourceDate "2021.10.24"]
[SourceVersion "1"]
[SourceVersionDate "2021.10.24"]
[SourceQuality "1"]

1. e4 e5 2. d3 Nc6 3. Be2 Nf6 4. Nf3 d5 5. Bg5 dxe4 6. Bxf6 Qxf6 7. dxe4 Bd7 8. a3 0-0-0 9. h4 Bh3 10. Nbd2 Bxg2 11. Rh2 Bxf3 12. Bxf3 h5 13. Qe2 Nd4 14. Qd1 Qf4 15. Rh3 Nxf3+ 16. Rxf3 Rxd2 17. Rxf4 Rxd1+ 18. Rxd1 exf4 0-1

[Event "BI-2014-P-0001"]
[Site "LSS email"]
[Date "2014.04.19"]
[Round "?"]
[White "Mostowik, Daniel"]
[Black "Ralls, Richard Nelson"]
[Result "0-1"]
[WhiteElo "1883"]
[BlackElo "2359"]
[PlyCount "94"]
[EventDate "2014.04.25"]
[EventType "tourn (corr)"]
[EventRounds "10"]
[EventCountry "GER"]
[SourceTitle "Corr 2015"]
[Source "ChessBase"]
[SourceDate "2015.07.17"]
[SourceVersion "1"]
[SourceVersionDate "2015.07.17"]
[SourceQuality "1"]

1. d4 Nf6 2. c4 g6 3. Nc3 d5 4. cxd5 Nxd5 5. e4 Nxc3 6. bxc3 Bg7 7. Bc4 c5 8. Ne2 Nc6 9. Be3 0-0 10. 0-0 Qc7 11. Rc1 e6 12. Qd2 b6 13. Rfd1 Bb7 14. h4 Rad8 15. Bg5 Rd6 16. Qe3 Qd7 17. Bb5 f6 18. Bf4 e5 19. Bh2 f5 20. d5 Qd8 21. exf5 gxf5 22. Rd3 f4 23. Nxf4 exf4 24. Bxf4 Ne7 25. Bxd6 Qxd6 26. Re1 Nf5 27. Qd2 a6 28. Bc6 c4 29. Re6 Qd8 30. Rf3 Bc8 31. Qe2 Nd6 32. Rxf8+ Qxf8 33. Re3 Bf6 34. a4 Kg7 35. g3 Qf7 36. Qf3 Bd8 37. Qxf7+ Kxf7 38. Kg2 b5 39. axb5 axb5 40. Kf3 h5 41. Ke2 Bb6 42. Rf3+ Kg7 43. Kd2 Bf5 44. Bxb5 Bg4 45. Rf4 Nxb5 46. Rxc4 Bxf2 47. Rb4 Nd6 0-1

[Event "BI-2014-P-0001"]
[Site "LSS email"]
[Date "2014.04.19"]
[Round "?"]
[White "Ralls, Richard Nelson"]
[Black "Montarolo, Luca"]
[Result "1-0"]
[WhiteElo "2359"]
[BlackElo "367"]
[PlyCount "47"]
[EventDate "2014.04.25"]
[EventType "tourn (corr)"]
[EventRounds "10"]
[EventCountry "GER"]
[SourceTitle "Corr 2015"]
[Source "ChessBase"]
[SourceDate "2015.07.17"]
[SourceVersion "1"]
[SourceVersionDate "2015.07.17"]
[SourceQuality "1"]

1. d4 d5 2. c4 dxc4 3. Nf3 e6 4. e3 Bb4+ 5. Bd2 Bxd2+ 6. Nbxd2 Ne7 7. Bxc4 0-0 8. 0-0 Nec6 9. Rc1 Bd7 10. Qc2 Na6 11. a3 Qf6 12. Bd3 Nab8 13. b4 Be8 14. b5 Ne7 15. Ne4 Qg6 16. Ne5 Qh5 17. Qxc7 Nd7 18. Nxd7 Bxd7 19. Qxd7 Nf5 20. Qxb7 Rfd8 21. Rc7 Rab8 22. Qxa7 Ra8 23. Qc5 h6 24. b6 1-0

[Event "BI-2014-P-0001"]
[Site "LSS email"]
[Date "2014.04.19"]
[Round "?"]
[White "Ralls, Richard Nelson"]
[Black "Prozorovskij, Vyacheslav Grigorie"]
[Result "1/2-1/2"]
[WhiteElo "2359"]
[BlackElo "1618"]
[PlyCount "82"]
[EventDate "2014.04.25"]
[EventType "tourn (corr)"]
[EventRounds "10"]
[EventCountry "GER"]
[SourceTitle "Corr 2015"]
[Source "ChessBase"]
[SourceDate "2015.07.17"]
[SourceVersion "1"]
[SourceVersionDate "2015.07.17"]
[SourceQuality "1"]

1. d4 Nf6 2. c4 e6 3. Nc3 d5 4. cxd5 exd5 5. Bg5 c6 6. Qc2 h6 7. Bh4 Bd6 8. e3 0-0 9. Bd3 Re8 10. Nge2 Nbd7 11. h3 Nf8 12. 0-0 Qe7 13. Bg3 Bxg3 14. Nxg3 Ne6 15. Rab1 g6 16. Rbe1 h5 17. f4 h4 18. f5 Ng5 19. Nh1 Nge4 20. Bxe4 Nxe4 21. fxg6 fxg6 22. Nxe4 Qxe4 23. Qd2 Qe7 24. Rf4 g5 25. Rf3 Rf8 26. e4 Rxf3 27. gxf3 Qf6 28. exd5 Bxh3 29. Nf2 Bf5 30. Re5 Kh8 31. Ne4 Bxe4 32. fxe4 Rg8 33. Rf5 Qe7 34. e5 cxd5 35. Rf6 Qh7 36. e6 Rg7 37. Rf8+ Rg8 38. Rf7 Qe4 39. e7 Qe6 40. Qf2 Rc8 41. Kh2 Qd6+ 1/2-1/2

[Event "WC-2014-S-00006"]
[Site "LSS email"]
[Date "2014.01.13"]
[Round "?"]
[White "Mueller Alves, Martin"]
[Black "Ralls, Richard Nelson"]
[Result "1/2-1/2"]
[WhiteElo "2471"]
[BlackElo "2502"]
[PlyCount "70"]
[EventDate "2014.01.18"]
[EventType "tourn (corr)"]
[EventRounds "12"]
[EventCountry "GER"]
[SourceTitle "Corr 2022"]
[Source "ChessBase"]
[SourceDate "2021.10.24"]
[SourceVersion "1"]
[SourceVersionDate "2021.10.24"]
[SourceQuality "1"]

1. e4 e5 2. Nf3 Nc6 3. Bb5 a6 4. Ba4 Nf6 5. 0-0 Be7 6. Re1 b5 7. Bb3 d6 8. c3 0-0 9. h3 Nb8 10. d4 Nbd7 11. Nbd2 Bb7 12. Bc2 c5 13. Nf1 exd4 14. cxd4 cxd4 15. Nxd4 Re8 16. Nf5 Bf8 17. Nxd6 Bxd6 18. Qxd6 Bxe4 19. Bxe4 Nxe4 20. Qd4 Ndf6 21. Be3 Qe7 22. a3 Red8 23. Qb6 Qd7 24. Rac1 Nd5 25. Qd4 Nxe3 26. Qxe3 Nf6 27. Qb6 h6 28. Qc6 h5 29. Qxd7 Rxd7 30. Rc6 Kf8 31. Re2 Ng8 32. Rd2 Rxd2 33. Nxd2 Ne7 34. Rb6 Nd5 35. Rc6 Ne7 1/2-1/2

[Event "WC-2014-S-00006"]
[Site "LSS email"]
[Date "2014.01.13"]
[Round "?"]
[White "Ralls, Richard Nelson"]
[Black "Nichols, Scott"]
[Result "1-0"]
[WhiteElo "2502"]
[BlackElo "2429"]
[PlyCount "73"]
[EventDate "2014.01.18"]
[EventType "tourn (corr)"]
[EventRounds "12"]
[EventCountry "GER"]
[SourceTitle "Corr 2022"]
[Source "ChessBase"]
[SourceDate "2021.10.24"]
[SourceVersion "1"]
[SourceVersionDate "2021.10.24"]
[SourceQuality "1"]

1. d4 Nf6 2. c4 g6 3. Nc3 Bg7 4. e4 d6 5. Be2 0-0 6. Nf3 e5 7. 0-0 c6 8. d5 a5 9. Be3 Na6 10. Nd2 Qc7 11. a3 Bd7 12. Na4 Be8 13. Re1 Rb8 14. Bb6 Qe7 15. Bxa5 cxd5 16. cxd5 Bxa4 17. Qxa4 Nc5 18. Qc2 Rfc8 19. Qb1 b5 20. Bd1 Bh6 21. Bb4 Nfd7 22. Bc2 Qd8 23. Nf1 Kg7 24. Ne3 Nf6 25. Re2 Qb6 26. b3 Ra8 27. g3 Bg5 28. Bd2 h6 29. h4 Bxe3 30. Rxe3 Rc7 31. Kg2 Ng4 32. Re2 Nf6 33. f3 h5 34. Qg1 Nfd7 35. Ra2 Qb7 36. Qe3 Rac8 37. Qh6+ 1-0